POLGOV : (Record no. 4231)

MARC details
000 -LEADER
fixed length control field 00885nam a22002537a 4500
003 - CONTROL NUMBER IDENTIFIER
control field URS
005 - DATE AND TIME OF LATEST TRANSACTION
control field 20220117120226.0
008 - FIXED-LENGTH DATA ELEMENTS--GENERAL INFORMATION
fixed length control field 190618b ||||| |||| 00| 0 eng d
020 ## - INTERNATIONAL STANDARD BOOK NUMBER
International Standard Book Number 9710412785
040 ## - CATALOGING SOURCE
Description conventions rda
Transcribing agency URS
Language of cataloging eng
050 ## - LIBRARY OF CONGRESS CALL NUMBER
Classification number JA 66
Item number .C12899 2014
100 ## - MAIN ENTRY--PERSONAL NAME
Personal name Calilung, Froilan Cruz.
245 ## - TITLE STATEMENT
Title POLGOV :
Remainder of title essentials of politics and government with the 1987 Philippine constitution /
Statement of responsibility, etc. Froilan Cruz-Calilung, Edelberto C. Bunquin.
264 #1 - PRODUCTION, PUBLICATION, DISTRIBUTION, MANUFACTURE, AND COPYRIGHT NOTICE
Place of production, publication, distribution, manufacture Mandaluyong City :
Name of producer, publisher, distributor, manufacturer Books Atbp. Publishing,
Date of production, publication, distribution, manufacture, or copyright notice 2014.
300 ## - PHYSICAL DESCRIPTION
Extent xii, 411 pages :
Other physical details illustrations ;
Dimensions 22 cm
336 ## - CONTENT TYPE
Content type term text
Content type code txt
Source rdacontent
337 ## - MEDIA TYPE
Media type term unmediated
Media type code n
Source rdamedia
338 ## - CARRIER TYPE
Carrier type term volume
Carrier type code nc
Source rdacarrier
504 ## - BIBLIOGRAPHY, ETC. NOTE
Bibliography, etc. note Includes Bibliography
650 ## - SUBJECT ADDED ENTRY--TOPICAL TERM
Topical term or geographic name entry element Philippines -- Politics and government.
650 ## - SUBJECT ADDED ENTRY--TOPICAL TERM
Topical term or geographic name entry element Constitutional law -- Philippines.
700 ## - ADDED ENTRY--PERSONAL NAME
Personal name Bunquin, Edelberto C.
942 ## - ADDED ENTRY ELEMENTS (KOHA)
Source of classification or shelving scheme Library of Congress Classification
Koha item type Filipiniana
Holdings
Withdrawn status Source of classification or shelving scheme Damaged status Not for loan Collection code Home library Current library Shelving location Date acquired Source of acquisition Total Checkouts Full call number Barcode Date last seen Price effective from Koha item type
  Library of Congress Classification     Non-fiction Antipolo College Library Antipolo College Library On Display 05/09/2018 Library Fund   JA 66 .C12899 2014 URSANT-04164 05/09/2018 05/09/2018 Filipiniana
  Library of Congress Classification     Non-fiction Antipolo College Library Antipolo College Library On Display 05/09/2018 Library Fund   JA 66 .C12899 2014 URSANT-04165 05/09/2018 05/09/2018 Filipiniana
  Library of Congress Classification     Non-fiction Antipolo College Library Antipolo College Library On Display 05/10/2018 Library Fund   JA 66 .C12899 2014 URSANT-04166 05/10/2018 05/10/2018 Filipiniana

University of Rizal System
Email us at univlibservices@urs.edu.ph

Visit our Website www.urs.edu.ph/library